Letras anarquistas: José Santos González Vera, Manuel Rojas

Gespeichert in:
Bibliographische Detailangaben
1. Verfasser: Soria, Carmen (VerfasserIn)
Format: Buch
Sprache:Spanisch
Veröffentlicht: Santiago Planeta Chilena 2005
Ausgabe:1a. ed
Schlagworte:
Tags: Tag hinzufügen
Keine Tags, Fügen Sie den ersten Tag hinzu!

MARC

LEADER 00000nam a2200000 a 4500
001 UCJ0988
003 CL-VaPUC
008 060929e20050000CL |||||||||||||||||spa|d
020 |a 9562473767 
082 0 4 |a Ch864  |b SOR  |2 21 
100 0 |a Soria, Carmen  |e author  |9 501503 
245 1 0 |a Letras anarquistas: José Santos González Vera, Manuel Rojas 
250 |a 1a. ed 
300 |a 270 p 
942 |c BK 
945 |d 20060929 00:00:00  |a cmena 
260 |a Santiago  |b Planeta Chilena  |c 2005 
600 0 7 |a ROJAS, MANUEL  |2 CL-VaPUC  |9 313776 
600 0 7 |a GONZALEZ VERA, JOSE SANTOS  |2 CL-VaPUC  |9 321193 
650 0 |a Anarquismo  |9 269177 
650 7 |a FILOSOFIA POLITICA  |2 CL-VaPUC  |9 501505 
650 0 |a Artículos periodísticos  |9 403045 
583 |a last modification  |c 20060929 00:00:00  |k Rodrigo Vera 
999 |c 317721  |d 317719 
952 |0 0  |1 0  |4 0  |6 CH_864_000000000000000_SOR_2005  |7 0  |8 A  |9 394610  |a FDOPOS  |b BIBEDU  |d 2019-11-22  |i 4241215  |l 1  |m 1  |o Ch864 SOR 2005  |p 4241215  |r 2023-08-09  |s 2021-10-06  |w 2019-11-22  |y BK  |k MLH